[Event "MSU Cup"]
[Site "Moscow"]
[Date "2024.04.24"]
[Round "7.5"]
[White "Isirailov, Nurgazy"]
[Black "Manafov, Vugar Gulam"]
[Result "0-1"]
[WhiteElo "1848"]
[BlackElo "2424"]
[PlyCount "76"]
[EventDate "2024.04.22"]
[EventType "team-tourn"]
[EventRounds "9"]
[EventCountry "RUS"]
[SourceTitle "CB18_2024"]
[SourceDate "2024.05.01"]
[SourceVersion "1"]
[SourceVersionDate "2024.05.01"]
[SourceQuality "2"]
[WhiteTeam "Kyrgyzstan"]
[BlackTeam "Azerbaijan"]
[WhiteTeamCountry "KGZ"]
[BlackTeamCountry "AZE"]

1. e4 c5 2. Nf3 e6 3. d3 Nc6 4. g3 Nge7 5. Bg2 g6 6. 0-0 Bg7 7. c3 d5 8. Nbd2 0-0 9. Re1 b5 10. Qe2 b4 11. e5 a5 12. Nf1 Ba6 13. Bf4 a4 14. a3 bxc3 15. bxc3 Rb8 16. Rab1 Qa5 17. Qc2 Rb3 18. Rxb3 axb3 19. Qxb3 Bxd3 20. Ne3 Rb8 21. Qa2 Qxc3 22. Nd1 Qb3 23. Qa1 Ra8 24. Qc1 Qxa3 25. Nb2 Be4 26. Nd2 Bxg2 27. Kxg2 Rb8 28. Ndc4 dxc4 29. Nxc4 Qxc1 30. Rxc1 Nd5 31. Nd6 Bxe5 32. Bxe5 Nxe5 33. Rxc5 Rb2 34. Rc8+ Kg7 35. Ne8+ Kh6 36. h4 Ne3+ 37. Kh3 N5g4 38. fxe3 f5 0-1

[Event "MSU Cup"]
[Site "Moscow"]
[Date "2024.04.24"]
[Round "8.5"]
[White "Manafov, Vugar Gulam"]
[Black "Shkuratov, Vladimir"]
[Result "1-0"]
[WhiteElo "2424"]
[BlackElo "2200"]
[PlyCount "86"]
[EventDate "2024.04.22"]
[EventType "team-tourn"]
[EventRounds "9"]
[EventCountry "RUS"]
[SourceTitle "CB18_2024"]
[SourceDate "2024.05.01"]
[SourceVersion "1"]
[SourceVersionDate "2024.05.01"]
[SourceQuality "2"]
[WhiteTeam "Azerbaijan"]
[BlackTeam "SPbGU"]
[WhiteTeamCountry "AZE"]
[BlackTeamCountry "RUS"]

1. d4 Nf6 2. Nf3 e6 3. g3 d5 4. Bg2 Be7 5. 0-0 b5 6. Ne5 0-0 7. Nd2 c5 8. dxc5 Bxc5 9. e4 Bb7 10. Nd3 Bb6 11. e5 Ne4 12. Nxe4 dxe4 13. Qg4 Kh8 14. Bxe4 Bxe4 15. Qxe4 Nd7 16. a4 Qc7 17. c3 Qc4 18. Re1 Rac8 19. axb5 Qxb5 20. Ra4 Nc5 21. Nxc5 Bxc5 22. Qc2 f5 23. exf6 Rxf6 24. Rf4 Rcf8 25. Rxf6 Rxf6 26. Be3 h6 27. Bxc5 Qxc5 28. b4 Qb6 29. Re3 a5 30. bxa5 Qxa5 31. h4 Kg8 32. Qe2 Qb6 33. c4 Qc6 34. Re5 Kf7 35. c5 Qb7 36. Qc2 Qc6 37. Qc4 Qf3 38. Re2 Qc6 39. Rd2 h5 40. Rd6 Qf3 41. Qd4 Qe2 42. c6 Qe1+ 43. Kg2 Qc1 1-0

[Event "MSU Cup"]
[Site "Moscow"]
[Date "2024.04.23"]
[Round "4.13"]
[White "Manafov, Vugar Gulam"]
[Black "Ilkhomi, Jaloliddin"]
[Result "1-0"]
[WhiteElo "2424"]
[BlackElo "2131"]
[PlyCount "115"]
[EventDate "2024.04.22"]
[EventType "team-tourn"]
[EventRounds "9"]
[EventCountry "RUS"]
[SourceTitle "CB18_2024"]
[SourceDate "2024.05.01"]
[SourceVersion "1"]
[SourceVersionDate "2024.05.01"]
[SourceQuality "2"]
[WhiteTeam "Azerbaijan"]
[BlackTeam "Tadzhikistan"]
[WhiteTeamCountry "AZE"]
[BlackTeamCountry "TJK"]

1. d4 Nf6 2. Nf3 e6 3. g3 b6 4. Bg2 Bb7 5. 0-0 Be7 6. c4 0-0 7. Re1 d5 8. cxd5 exd5 9. Nc3 Nbd7 10. Bf4 a6 11. Rc1 c5 12. Ne5 Re8 13. dxc5 Nxc5 14. Nd3 Bd6 15. Bxd6 Qxd6 16. e3 Rad8 17. Nxc5 bxc5 18. Na4 Nd7 19. Qb3 Rb8 20. Qa3 Rec8 21. Red1 Rc7 22. Bxd5 Bxd5 23. e4 Nf6 24. exd5 Rbc8 25. Rc4 Nd7 26. Nc3 Rb7 27. Ne4 Qb6 28. Qc3 f5 29. Ng5 Qxb2 30. Qf3 Qf6 31. d6 Ra7 32. Qd5+ Kh8 33. Nf7+ Kg8 34. Ne5+ Kh8 35. Nxd7 Rxd7 36. Rxc5 Rcd8 37. Rc6 f4 38. Rxa6 fxg3 39. hxg3 Rf8 40. Qd4 Qf3 41. Re1 Qf7 42. a4 h6 43. a5 Qf6 44. Qxf6 Rxf6 45. Rd1 Rf5 46. Kg2 Kg8 47. Ra1 Kf7 48. Rb6 Ke6 49. Re1+ Kf6 50. Ra1 Ke6 51. a6 Rf8 52. Re1+ Kf6 53. Kh3 Rfd8 54. Rd1 g6 55. Rb4 Ra8 56. Rb7 Rad8 57. Rxd7 Rxd7 58. a7 1-0

[Event "AZE-ch Prelim 78th"]
[Site "Baku"]
[Date "2024.04.17"]
[Round "7"]
[White "Samadov, Read"]
[Black "Manafov, Vugar Gulam"]
[Result "1/2-1/2"]
[WhiteElo "2502"]
[BlackElo "2424"]
[PlyCount "69"]
[EventDate "2024.04.11"]
[EventType "swiss"]
[EventRounds "9"]
[EventCountry "AZE"]
[SourceTitle "CB17_2024"]
[SourceDate "2024.04.24"]
[SourceVersion "1"]
[SourceVersionDate "2024.04.24"]
[SourceQuality "1"]

1. Nf3 Nf6 2. g3 d5 3. Bg2 c6 4. c4 dxc4 5. 0-0 g6 6. a4 Bg7 7. Na3 0-0 8. Nxc4 Be6 9. b3 a5 10. Bb2 Na6 11. Rc1 Nb4 12. d3 h6 13. Be5 Ra6 14. Rb1 Bxc4 15. bxc4 Nd7 16. Bf4 e5 17. Be3 Qe7 18. Qc1 Kh7 19. Ne1 Nc5 20. Nc2 Ne6 21. Nxb4 axb4 22. c5 Rxa4 23. Qc4 Nd4 24. Bxd4 exd4 25. Rxb4 Rxb4 26. Qxb4 Rd8 27. Bf3 Bf8 28. Rc1 Rd7 29. h4 h5 30. Kg2 Qe5 31. Qa5 Qc7 32. Qa4 Qe5 33. Qa5 Qc7 34. Qa4 Qe5 35. Qa5 1/2-1/2

[Event "Moscow Aeroflot op-A"]
[Site "Moscow"]
[Date "2024.03.04"]
[Round "3"]
[White "Manafov, Vugar Gulam"]
[Black "Skvortsov, Andrei"]
[Result "1/2-1/2"]
[WhiteElo "2438"]
[BlackElo "2295"]
[PlyCount "127"]
[EventDate "2024.03.03"]
[EventType "swiss"]
[EventRounds "9"]
[EventCountry "RUS"]
[SourceTitle "CB11_2024"]
[SourceDate "2024.03.13"]
[SourceVersion "1"]
[SourceVersionDate "2024.03.13"]
[SourceQuality "1"]

1. d4 d5 2. c4 e6 3. Nc3 a6 4. cxd5 exd5 5. Bf4 Nf6 6. e3 c5 7. Nf3 c4 8. Be2 b5 9. 0-0 Bb7 10. Ne5 Be7 11. b3 b4 12. Na4 c3 13. a3 a5 14. axb4 axb4 15. Nc5 Qb6 16. Rxa8 Bxa8 17. Qa1 Bc6 18. Nxc6 Nxc6 19. Qa8+ Nd8 20. Qa4+ Kf8 21. Qa8 Qc6 22. Qb8 Nd7 23. Qxb4 Nxc5 24. dxc5 Qxc5 25. Qxc5 Bxc5 26. Rc1 Ne6 27. Rxc3 Ke7 28. Be5 f6 29. Bg3 Ra8 30. h3 Ra1+ 31. Kh2 Ra2 32. Bg4 Ra5 33. Bf3 Bd6 34. Rd3 Bxg3+ 35. Kxg3 Nc7 36. e4 dxe4 37. Bxe4 f5 38. Bc6 Ne6 39. b4 Ra2 40. b5 Rb2 41. Rd5 Kf6 42. Bd7 g6 43. h4 Rb4 44. Rd6 Ke7 45. Rxe6+ Kxd7 46. Rb6 Kc7 47. Rc6+ Kd7 48. Rb6 Kc7 49. Rf6 Rxb5 50. h5 f4+ 51. Kxf4 Rxh5 52. g4 Rh1 53. Ke5 Re1+ 54. Kf4 Kd8 55. Kg5 Ke7 56. Ra6 Kf7 57. Ra7+ Kg8 58. f4 Rf1 59. Rb7 Rf2 60. f5 gxf5 61. gxf5 Ra2 62. Kf6 Ra6+ 63. Ke7 Kg7 64. Rb3 1/2-1/2

[Event "Moscow Aeroflot op-A"]
[Site "Moscow"]
[Date "2024.03.03"]
[Round "1"]
[White "Manafov, Vugar Gulam"]
[Black "Tkachev, Grigory"]
[Result "1-0"]
[WhiteElo "2438"]
[BlackElo "2309"]
[PlyCount "95"]
[EventDate "2024.03.03"]
[EventType "swiss"]
[EventRounds "9"]
[EventCountry "RUS"]
[SourceTitle "CB11_2024"]
[SourceDate "2024.03.13"]
[SourceVersion "1"]
[SourceVersionDate "2024.03.13"]
[SourceQuality "1"]

1. d4 Nf6 2. c4 g6 3. g3 c6 4. Nf3 Bg7 5. Bg2 0-0 6. Nc3 d5 7. Qb3 Qb6 8. 0-0 Bf5 9. Bd2 Nbd7 10. cxd5 Qxb3 11. axb3 cxd5 12. h3 Nb6 13. Rfc1 Rfc8 14. g4 Bd7 15. Ne5 e6 16. Bf4 Be8 17. e3 a6 18. g5 Nfd7 19. Ng4 Nb8 20. h4 Nc6 21. Bf3 Ne7 22. Kg2 a5 23. Be2 Nf5 24. Kh3 a4 25. Nxa4 Rxc1 26. Rxc1 Rc8 27. Nc3 Bc6 28. Bd3 Ra8 29. h5 gxh5 30. Bxf5 hxg4+ 31. Bxg4 Nd7 32. Bg3 e5 33. Ne2 Ra2 34. Rc2 Kf8 35. Bf5 Ke7 36. Bxh7 Ra1 37. Kg2 e4 38. Bf5 Nf8 39. b4 Ne6 40. Nf4 Nxg5 41. b5 Nf3 42. bxc6 Rg1+ 43. Kh3 Ng5+ 44. Kh4 Nf3+ 45. Kh5 bxc6 46. Rxc6 Rh1+ 47. Kg4 Rg1 48. Nxd5+ 1-0

[Event "Abu Dhabi op 29th"]
[Site "Abu Dhabi"]
[Date "2023.08.17"]
[Round "2"]
[White "Manafov, Vugar Gulam"]
[Black "Matlakov, Maxim"]
[Result "0-1"]
[WhiteElo "2392"]
[BlackElo "2677"]
[PlyCount "84"]
[EventDate "2023.08.16"]
[EventType "swiss"]
[EventRounds "9"]
[EventCountry "UAE"]
[SourceTitle "EXT 2024"]
[Source "ChessBase"]
[SourceDate "2023.10.10"]
[SourceVersion "1"]
[SourceVersionDate "2023.10.10"]
[SourceQuality "1"]

1. d4 Nf6 2. c4 e6 3. Nc3 d5 4. cxd5 exd5 5. Bg5 c6 6. e3 Bd6 7. Bd3 0-0 8. Nge2 Re8 9. Qc2 h6 10. Bf4 Bf8 11. h3 b6 12. 0-0 Bb7 13. Rad1 a5 14. a3 Nbd7 15. Rfe1 Ba6 16. Nc1 Qc8 17. Bxa6 Qxa6 18. Nd3 a4 19. Ne5 b5 20. e4 Nxe5 21. dxe5 Nxe4 22. Nxe4 dxe4 23. Qxe4 c5 24. Rd7 Qe6 25. Red1 b4 26. Rc7 Rad8 27. Rxd8 Rxd8 28. Ra7 Rd1+ 29. Kh2 Rd4 30. Qf3 b3 31. Bg3 c4 32. Rxa4 Be7 33. Qc3 Qd5 34. Ra5 Qe4 35. e6 fxe6 36. Re5 Qd3 37. Qe1 Qd2 38. Rxe6 Qxe1 39. Rxe1 Bf6 40. Re2 Rd1 41. Bf4 c3 42. bxc3 Bxc3 0-1

[Event "Belgrade Serbia op"]
[Site "Belgrade"]
[Date "2023.07.18"]
[Round "3"]
[White "Manafov, Vugar Gulam"]
[Black "Avila Pavas, Santiago"]
[Result "0-1"]
[WhiteElo "2385"]
[BlackElo "2499"]
[PlyCount "70"]
[EventDate "2023.07.16"]
[EventType "swiss"]
[EventRounds "9"]
[EventCountry "SRB"]
[SourceTitle "CBM 215 Extra"]
[Source "ChessBase"]
[SourceDate "2023.09.30"]
[SourceVersion "1"]
[SourceVersionDate "2023.09.30"]
[SourceQuality "1"]

1. Nf3 c5 2. g3 Nf6 3. Bg2 d5 4. 0-0 e6 5. c4 d4 6. d3 Nc6 7. e3 Be7 8. exd4 cxd4 9. Na3 Bxa3 10. bxa3 0-0 11. Rb1 e5 12. Bg5 h6 13. Bxf6 Qxf6 14. Qc2 Rb8 15. Nd2 Bf5 16. Ne4 Qe7 17. c5 Bxe4 18. Bxe4 Nd8 19. Rb5 a6 20. Rb6 Ne6 21. Rc1 Rbc8 22. c6 bxc6 23. Rxa6 c5 24. Qc4 Ng5 25. Bg2 e4 26. Bxe4 Nxe4 27. Re1 Qb7 28. Rxe4 Rfe8 29. f3 Rxe4 30. fxe4 Qb1+ 31. Kg2 Rb8 32. Qd5 Rb2+ 33. Kh3 Qf1+ 34. Kg4 Rf2 35. h3 Qe2+ 0-1

[Event "MSU Interuniversity Cup"]
[Site "Moscow RUS"]
[Date "2023.05.17"]
[Round "6.4"]
[White "Manafov, Vugar Gulam"]
[Black "Yashchuk, Mikhail"]
[Result "1/2-1/2"]
[WhiteElo "2399"]
[BlackElo "1850"]
[PlyCount "105"]
[EventDate "2023.05.15"]
[EventType "team (rapid)"]
[EventRounds "9"]
[EventCountry "RUS"]
[SourceTitle "CBM 214 Extra"]
[Source "ChessBase"]
[SourceDate "2023.07.31"]
[SourceVersion "1"]
[SourceVersionDate "2023.07.31"]
[SourceQuality "1"]
[WhiteTeam "Azerbaijan"]
[BlackTeam "Belarus"]
[WhiteTeamCountry "AZE"]
[BlackTeamCountry "BLR"]

1. c4 e5 2. Nc3 Nf6 3. Nf3 Nc6 4. e3 d5 5. cxd5 Nxd5 6. Qc2 Nf6 7. a3 Bd6 8. b4 a5 9. b5 Ne7 10. Bb2 Bf5 11. d3 0-0 12. Be2 Ng6 13. h4 Bg4 14. Ng5 Bxe2 15. Kxe2 h6 16. h5 Ne7 17. Nf3 Qd7 18. Rh4 Nf5 19. Rc4 Nxh5 20. g4 Nd4+ 21. Nxd4 exd4 22. Rxd4 Nf6 23. Rg1 Nh7 24. Qb3 Qe7 25. Rh1 c6 26. f4 Rae8 27. Ne4 Bc5 28. Rc4 b6 29. bxc6 Qe6 30. Rg1 Qxc6 31. g5 hxg5 32. Qc3 Qg6 33. Kd2 f6 34. Nxc5 Qh6 35. Re1 bxc5 36. f5 Qh3 37. Rxc5 g4 38. Qc4+ Kh8 39. Qf4 Ng5 40. Re2 Rc8 41. Bd4 Nf3+ 42. Kc3 Qf1 43. Rc2 Qa1+ 44. Kc4 Qg1 45. Rc7 Rxc7+ 46. Qxc7 Qd1 47. Rc3 Qa1 48. Qe7 Qa2+ 49. Kc5 Rc8+ 50. Kd6 Rxc3 51. Qe8+ Kh7 52. Qh5+ Kg8 53. Qe8+ 1/2-1/2

[Event "MSU Interuniversity Cup"]
[Site "Moscow RUS"]
[Date "2023.05.16"]
[Round "4.5"]
[White "Manafov, Vugar Gulam"]
[Black "Yunusov, Ilhom"]
[Result "1-0"]
[WhiteElo "2399"]
[BlackElo "2170"]
[PlyCount "135"]
[EventDate "2023.05.15"]
[EventType "team (rapid)"]
[EventRounds "9"]
[EventCountry "RUS"]
[SourceTitle "CBM 214 Extra"]
[Source "ChessBase"]
[SourceDate "2023.07.31"]
[SourceVersion "1"]
[SourceVersionDate "2023.07.31"]
[SourceQuality "1"]
[WhiteTeam "Azerbaijan"]
[BlackTeam "Tajikistan"]
[WhiteTeamCountry "AZE"]
[BlackTeamCountry "TJK"]

1. c4 e5 2. Nc3 d6 3. d4 exd4 4. Qxd4 Nc6 5. Qd2 g6 6. b3 Bg7 7. Bb2 Nf6 8. g3 0-0 9. Bg2 Be6 10. Nh3 Qd7 11. Nf4 Rae8 12. 0-0 Bf5 13. Ncd5 Qd8 14. Nxf6+ Bxf6 15. Nd5 Bxb2 16. Qxb2 f6 17. Rac1 Kg7 18. Rfd1 Be4 19. f3 Bxd5 20. cxd5 Ne5 21. Rc2 Re7 22. Qd4 c5 23. dxc6 Nxc6 24. Qf2 Rfe8 25. Rcd2 Qa5 26. f4 Qc3 27. Bf3 Qa5 28. e4 Nb4 29. a4 Qc5 30. Rxd6 Qxf2+ 31. Kxf2 Rc8 32. Rd7 Kf7 33. Be2 Rc2 34. Kf1 Nc6 35. Bc4+ Ke8 36. Rxe7+ Kxe7 37. Kg1 b6 38. Bb5 Nb8 39. h4 Rc3 40. Rd3 Rxd3 41. Bxd3 Nc6 42. Kf2 Nd4 43. Bc4 a5 44. Ke3 Nc2+ 45. Kd3 Nb4+ 46. Kd4 h6 47. g4 g5 48. hxg5 hxg5 49. Ke3 gxf4+ 50. Kxf4 Nc6 51. Bd5 Ne5 52. Kf5 Nf3 53. Bc4 Nd4+ 54. Kf4 Nc6 55. Bd5 Ne5 56. g5 Ng6+ 57. Kf5 Nh4+ 58. Kg4 fxg5 59. Kxg5 Nf3+ 60. Kf4 Ne1 61. e5 Nd3+ 62. Ke4 Nc5+ 63. Kd4 Kd7 64. Kc4 Kc7 65. Kb5 Nd7 66. e6 Nf6 67. e7 Kd6 68. Bf3 1-0

[Event "Baku op"]
[Site "Baku"]
[Date "2023.05.12"]
[Round "9"]
[White "Fishchuk, Vladyslav"]
[Black "Manafov, Vugar Gulam"]
[Result "0-1"]
[WhiteElo "2252"]
[BlackElo "2399"]
[PlyCount "38"]
[EventDate "2023.05.04"]
[EventType "swiss"]
[EventRounds "9"]
[EventCountry "AZE"]
[SourceTitle "CBM 214 Extra"]
[Source "ChessBase"]
[SourceDate "2023.07.31"]
[SourceVersion "1"]
[SourceVersionDate "2023.07.31"]
[SourceQuality "1"]

1. d4 Nf6 2. Nf3 e6 3. c4 Bb4+ 4. Nbd2 0-0 5. a3 Bxd2+ 6. Bxd2 b6 7. Bg5 Bb7 8. e3 d6 9. Bd3 Nbd7 10. Nd2 h6 11. Bh4 e5 12. d5 c6 13. e4 cxd5 14. cxd5 Nc5 15. Bc2 Ba6 16. Qf3 Rc8 17. b4 Ne6 18. Bd3 Nd4 19. Qe3 Rc3 0-1

[Event "EU-ch 23rd"]
[Site "Vrnjacka Banja"]
[Date "2023.03.12"]
[Round "10"]
[White "Manafov, Vugar Gulam"]
[Black "Firat, Burak"]
[Result "1-0"]
[WhiteElo "2349"]
[BlackElo "2471"]
[PlyCount "91"]
[EventDate "2023.03.03"]
[EventType "swiss"]
[EventRounds "11"]
[EventCountry "SRB"]
[SourceTitle "CBM 213"]
[Source "ChessBase"]
[SourceDate "2023.04.30"]
[SourceVersion "1"]
[SourceVersionDate "2023.04.30"]
[SourceQuality "1"]

1. Nf3 Nf6 2. g3 c5 3. c4 Nc6 4. Bg2 g6 5. b3 d6 6. Bb2 e5 7. Nc3 Bg7 8. 0-0 0-0 9. d3 Rb8 10. a3 a6 11. Nd2 Ne7 12. b4 b6 13. Rb1 cxb4 14. axb4 b5 15. cxb5 axb5 16. Ra1 Be6 17. Ra6 Ne8 18. Nde4 Bc8 19. Ra3 Nc7 20. e3 Ne6 21. Qb3 d5 22. Nd2 d4 23. Nce4 Bb7 24. Nc5 Nxc5 25. bxc5 Bxg2 26. Kxg2 dxe3 27. fxe3 Nf5 28. Rf3 Qd7 29. e4 Ne7 30. Ra6 Nc6 31. Nf1 Nd4 32. Bxd4 exd4 33. Rd6 Qe7 34. Qd5 Rb7 35. Nd2 Be5 36. Nb3 Ra7 37. Nxd4 Bxd6 38. Nc6 Qb7 39. cxd6 Ra2+ 40. Qxa2 Qxc6 41. e5 g5 42. e6 Qxd6 43. exf7+ Kg7 44. Qb2+ Kg6 45. Qxb5 Rxf7 46. Qe8 1-0

[Event "EU-ch 23rd"]
[Site "Vrnjacka Banja"]
[Date "2023.03.08"]
[Round "6"]
[White "Manafov, Vugar Gulam"]
[Black "Horvath, Dominik"]
[Result "1/2-1/2"]
[WhiteElo "2349"]
[BlackElo "2521"]
[PlyCount "58"]
[EventDate "2023.03.03"]
[EventType "swiss"]
[EventRounds "11"]
[EventCountry "SRB"]
[SourceTitle "CBM 213"]
[Source "ChessBase"]
[SourceDate "2023.04.30"]
[SourceVersion "1"]
[SourceVersionDate "2023.04.30"]
[SourceQuality "1"]

1. d4 Nf6 2. c4 e6 3. Nf3 b6 4. g3 Ba6 5. b3 Bb4+ 6. Bd2 Be7 7. Nc3 d5 8. cxd5 exd5 9. Bg2 0-0 10. 0-0 Re8 11. Ne5 Bb7 12. Rc1 Nbd7 13. Bf4 Nf8 14. Na4 Bd6 15. e3 Ne6 16. Nc6 Qd7 17. Ne5 Qe7 18. Nc6 Qd7 19. Ne5 Qe7 20. Nc6 Bxc6 21. Rxc6 Qd7 22. Rc2 Nxf4 23. exf4 Qf5 24. Nb2 a5 25. Qd3 Qxd3 26. Nxd3 a4 27. b4 a3 28. Rb1 h6 29. h4 Ne4 1/2-1/2

[Event "EU-ch 23rd"]
[Site "Vrnjacka Banja"]
[Date "2023.03.06"]
[Round "4"]
[White "Manafov, Vugar Gulam"]
[Black "Wieczorek, Oskar"]
[Result "1/2-1/2"]
[WhiteElo "2349"]
[BlackElo "2505"]
[PlyCount "32"]
[EventDate "2023.03.03"]
[EventType "swiss"]
[EventRounds "11"]
[EventCountry "SRB"]
[SourceTitle "CBM 213"]
[Source "ChessBase"]
[SourceDate "2023.04.30"]
[SourceVersion "1"]
[SourceVersionDate "2023.04.30"]
[SourceQuality "1"]

1. d4 Nf6 2. Nf3 c5 3. c4 cxd4 4. Nxd4 e6 5. e3 Nc6 6. Be2 d5 7. cxd5 exd5 8. 0-0 Bd6 9. b3 Qe7 10. Nb5 Bc5 11. Bb2 Be6 12. Bxf6 gxf6 13. N1c3 a6 14. Nd4 Bxd4 15. exd4 Qb4 16. Rc1 Qxd4 1/2-1/2

[Event "EU-ch 23rd"]
[Site "Vrnjacka Banja"]
[Date "2023.03.03"]
[Round "1"]
[White "Esipenko, Andrey"]
[Black "Manafov, Vugar Gulam"]
[Result "1/2-1/2"]
[WhiteElo "2680"]
[BlackElo "2349"]
[PlyCount "81"]
[EventDate "2023.03.03"]
[EventType "swiss"]
[EventRounds "11"]
[EventCountry "SRB"]
[SourceTitle "CBM 213"]
[Source "ChessBase"]
[SourceDate "2023.04.30"]
[SourceVersion "1"]
[SourceVersionDate "2023.04.30"]
[SourceQuality "1"]

1. Nf3 d5 2. g3 c6 3. Bg2 Bg4 4. 0-0 Nd7 5. d3 Ngf6 6. h3 Bxf3 7. Bxf3 e5 8. e4 dxe4 9. dxe4 Be7 10. Qe2 0-0 11. a4 a5 12. Nd2 Qc7 13. Bg2 Rfe8 14. b3 Bc5 15. Nf3 Nf8 16. Bb2 Ng6 17. h4 Rad8 18. Bh3 Bd4 19. Nxd4 exd4 20. Bg2 Ne5 21. Rad1 c5 22. Bc1 c4 23. bxc4 Qxc4 24. Qxc4 Nxc4 25. Rfe1 h6 26. Rd3 Ne5 27. Rd2 Nc4 28. Rdd1 Re7 29. e5 Nxe5 30. Ba3 Ree8 31. Bxb7 Nd5 32. Bxd5 Rxd5 33. Kg2 Rc8 34. Bb2 Rxc2 35. Rxd4 Rxd4 36. Bxd4 Nc6 37. Bb6 Rb2 38. Bc7 Rb4 39. Rc1 Nd4 40. Bxa5 Rxa4 41. Bd2 1/2-1/2

[Event "AZE-ch Prelim 77th"]
[Site "Baku"]
[Date "2023.01.19"]
[Round "7"]
[White "Talibov, Shiroghlan"]
[Black "Manafov, Vugar Gulam"]
[Result "0-1"]
[WhiteElo "2316"]
[BlackElo "2359"]
[PlyCount "76"]
[EventDate "2023.01.13"]
[EventType "swiss"]
[EventRounds "9"]
[EventCountry "AZE"]
[SourceTitle "CBM 212 Extra"]
[Source "ChessBase"]
[SourceDate "2023.03.31"]
[SourceVersion "1"]
[SourceVersionDate "2023.03.31"]
[SourceQuality "1"]

1. e4 c5 2. Nf3 e6 3. c3 Nc6 4. d4 cxd4 5. cxd4 d5 6. e5 Nge7 7. Nc3 Nf5 8. a3 Be7 9. Be2 0-0 10. b4 Bd7 11. 0-0 Rc8 12. Bb2 f6 13. Bd3 fxe5 14. dxe5 a5 15. b5 Na7 16. a4 Bc5 17. Ne2 Qe7 18. Qd2 Bb4 19. Qf4 Rce8 20. Qg4 Nc8 21. Qh3 Nb6 22. Bc1 Nc4 23. Qg4 Kh8 24. Bxc4 dxc4 25. Qxc4 b6 26. Qg4 Bc8 27. Ng5 Bb7 28. Ne4 Rc8 29. Bg5 Qf7 30. Rac1 h6 31. Bd2 Ba3 32. Rxc8 Rxc8 33. Bc1 Bxc1 34. Rxc1 Rxc1+ 35. Nxc1 Qc7 36. Ne2 Qc4 37. Nf6 Qa2 38. h4 Qa1+ 0-1

[Event "AZE-ch Prelim 77th"]
[Site "Baku"]
[Date "2023.01.18"]
[Round "6"]
[White "Manafov, Vugar Gulam"]
[Black "Ahmadzada, Ahmad Samir"]
[Result "1/2-1/2"]
[WhiteElo "2359"]
[BlackElo "2493"]
[PlyCount "80"]
[EventDate "2023.01.13"]
[EventType "swiss"]
[EventRounds "9"]
[EventCountry "AZE"]
[SourceTitle "CBM 212 Extra"]
[Source "ChessBase"]
[SourceDate "2023.03.31"]
[SourceVersion "1"]
[SourceVersionDate "2023.03.31"]
[SourceQuality "1"]

1. d4 Nf6 2. Nf3 e6 3. g3 b5 4. a4 b4 5. c4 Bb7 6. Bg2 c5 7. d5 exd5 8. Nh4 g6 9. b3 Ne4 10. Bb2 d4 11. Bxd4 Rg8 12. Bb2 Be7 13. Qd3 f5 14. Nd2 Bxh4 15. gxh4 Qxh4 16. Nxe4 Bxe4 17. Bxe4 Qxe4 18. Qxe4+ fxe4 19. Rg1 Nc6 20. Rg4 0-0-0 21. Rxe4 Na5 22. Re3 d5 23. cxd5 Rxd5 24. Rc1 Rgd8 25. f3 Kc7 26. Bf6 R8d7 27. Be7 Kb6 28. Re6+ Nc6 29. Bh4 Kb7 30. Bf2 Na5 31. Re3 Rc7 32. Rb1 Rcd7 33. Rc1 a6 34. Bg3 Nc6 35. Re4 Nd4 36. Re3 g5 37. Rd3 h6 38. Bf2 Ne6 39. Re3 R7d6 40. Re4 Rc6 1/2-1/2

[Event "AZE-ch Prelim 77th"]
[Site "Baku"]
[Date "2023.01.13"]
[Round "1"]
[White "Manafov, Vugar Gulam"]
[Black "Safarli, Eltaj"]
[Result "1/2-1/2"]
[WhiteElo "2359"]
[BlackElo "2618"]
[PlyCount "122"]
[EventDate "2023.01.13"]
[EventType "swiss"]
[EventRounds "9"]
[EventCountry "AZE"]
[SourceTitle "CBM 212 Extra"]
[Source "ChessBase"]
[SourceDate "2023.03.31"]
[SourceVersion "1"]
[SourceVersionDate "2023.03.31"]
[SourceQuality "1"]

1. d4 Nf6 2. Nf3 g6 3. Bg5 Bg7 4. Nbd2 0-0 5. c3 d6 6. e4 c5 7. dxc5 dxc5 8. Bc4 Nc6 9. Qe2 Na5 10. Bd3 Qb6 11. Nc4 Nxc4 12. Bxc4 Be6 13. 0-0 Rfd8 14. a4 h6 15. a5 Qc6 16. Bxe6 Qxe6 17. Bxf6 exf6 18. Qb5 Qxe4 19. Qxc5 Bf8 20. Qb5 a6 21. Qb3 Bc5 22. Rfe1 Qc6 23. Qa4 Qc7 24. Rad1 Kg7 25. g3 b5 26. axb6 Qxb6 27. Qc2 a5 28. Kg2 Qb7 29. Rxd8 Rxd8 30. Re2 f5 31. Re5 Rd5 32. Qe2 Bd6 33. Rxd5 Qxd5 34. Qd2 Qc6 35. Qd4+ Kg8 36. Kg1 Be7 37. Ne5 Qe6 38. Nc4 Bf6 39. Qd3 a4 40. Ne3 Bg5 41. Nd5 Bc1 42. Qd4 Qe1+ 43. Kg2 Qe4+ 44. Qxe4 fxe4 45. Nb6 Bxb2 46. Nxa4 Ba3 47. f3 exf3+ 48. Kxf3 f5 49. g4 fxg4+ 50. Kxg4 Kf7 51. Nb6 h5+ 52. Kf3 Ke6 53. Nc4 Be7 54. Nd2 g5 55. h3 Kf5 56. Ne4 g4+ 57. hxg4+ hxg4+ 58. Kg3 Kxe4 59. Kxg4 Kd3 60. c4 Bg5 61. Kh5 Kxc4 1/2-1/2

[Event "AZE-ch Blitz"]
[Site "Baku"]
[Date "2022.12.05"]
[Round "7"]
[White "Manafov, Vugar Gulam"]
[Black "Gadimbayli, Abdulla Azar"]
[Result "0-1"]
[WhiteElo "2359"]
[BlackElo "2524"]
[PlyCount "58"]
[EventDate "2022.12.05"]
[EventType "swiss (blitz)"]
[EventRounds "9"]
[EventCountry "AZE"]
[SourceTitle "CBM 211 Extra"]
[Source "ChessBase"]
[SourceDate "2023.01.31"]
[SourceVersion "1"]
[SourceVersionDate "2023.01.31"]
[SourceQuality "1"]

1. Nf3 d5 2. g3 Nc6 3. d4 Bg4 4. Bg2 Qd7 5. 0-0 f6 6. c4 e6 7. Nbd2 0-0-0 8. a3 dxc4 9. Nxc4 Bxf3 10. exf3 Qxd4 11. Qb3 Qd3 12. Qa4 Bc5 13. Bf4 Nge7 14. Rad1 Qe2 15. Rde1 Qd3 16. Rd1 Qe2 17. Rde1 Qd3 18. Rxe6 Nd4 19. Re4 Ne2+ 20. Kh1 Nxf4 21. Rxf4 f5 22. b4 Bd4 23. Ne3 g5 24. Rd1 Qc3 25. Nxf5 gxf4 26. Nxe7+ Kb8 27. Qb5 a6 28. Qg5 Bf6 29. Rxd8+ Rxd8 0-1

[Event "AZE-ch Blitz"]
[Site "Baku"]
[Date "2022.12.05"]
[Round "3"]
[White "Manafov, Vugar Gulam"]
[Black "Muradli, Mahammad"]
[Result "1/2-1/2"]
[WhiteElo "2359"]
[BlackElo "2540"]
[PlyCount "105"]
[EventDate "2022.12.05"]
[EventType "swiss (blitz)"]
[EventRounds "9"]
[EventCountry "AZE"]
[SourceTitle "CBM 211 Extra"]
[Source "ChessBase"]
[SourceDate "2023.01.31"]
[SourceVersion "1"]
[SourceVersionDate "2023.01.31"]
[SourceQuality "1"]

1. d4 Nf6 2. Nf3 g6 3. Bg5 Bg7 4. Nbd2 d5 5. c3 0-0 6. Bxf6 Bxf6 7. e3 c5 8. Bd3 cxd4 9. cxd4 Nc6 10. 0-0 Bd7 11. a3 e6 12. Rc1 Rc8 13. Nb3 Rc7 14. Qd2 Qe7 15. Rc3 Rfc8 16. Rfc1 Kg7 17. h3 h5 18. R3c2 Be8 19. Be2 e5 20. dxe5 Nxe5 21. Rxc7 Rxc7 22. Rxc7 Qxc7 23. Nxe5 Bxe5 24. Nd4 a6 25. Bf3 Bc6 26. h4 Qb6 27. g3 a5 28. Kg2 Bf6 29. Kg1 a4 30. Kg2 Qc5 31. Kg1 Bd7 32. Kg2 b6 33. Ne2 Bb5 34. Nd4 Bc4 35. Qc3 b5 36. Qd2 Qe7 37. Ne2 Qc5 38. Nd4 Be5 39. Kh2 Qd6 40. Kg2 Qf6 41. Qd1 Kg8 42. Qd2 g5 43. hxg5 Qxg5 44. Ne2 h4 45. Nf4 Bxf4 46. exf4 Qf6 47. Bxd5 Bxd5+ 48. Qxd5 Qxb2 49. Qg5+ Kf8 50. Qd8+ Kg7 51. Qg5+ Kf8 52. Qd8+ Kg7 53. Qg5+ 1/2-1/2